[Event "Muensterland Verbandsklasse-B 0203"]
[Site "Muensterland"]
[Date "2002.11.23"]
[Round "3.7"]
[White "Assing, Manfred"]
[Black "Guenther, Lars"]
[Result "0-1"]
[WhiteElo "1649"]
[BlackElo "2105"]
[PlyCount "90"]
[EventDate "2002.09.28"]
[EventType "team-tourn"]
[EventRounds "9"]
[EventCountry "GER"]
[SourceTitle "EXT 2004"]
[Source "ChessBase"]
[SourceDate "2003.11.25"]
[SourceVersion "1"]
[SourceVersionDate "2003.11.25"]
[SourceQuality "1"]
[WhiteTeam "Luedinghausen"]
[BlackTeam "Olfen"]
[WhiteTeamCountry "GER"]
[BlackTeamCountry "GER"]

1. e4 Nf6 2. Bc4 Nxe4 3. Bxf7+ Kxf7 4. Qh5+ Kg8 5. Qd5+ e6 6. Qxe4 Nc6 7. Nf3 b6 8. 0-0 Bb7 9. Nc3 Be7 10. d4 Bf6 11. Bf4 Rb8 12. Qe3 Ne7 13. Rfe1 Nf5 14. Qd3 Bxf3 15. Qxf3 Nxd4 16. Qg3 Rc8 17. Rad1 Nf5 18. Qg4 h5 19. Qg6 Ne7 20. Qd3 Kf7 21. Qxd7 Qxd7 22. Rxd7 Bxc3 23. bxc3 Rhd8 24. Red1 Ke8 25. Rxe7+ Kxe7 26. Bg5+ Ke8 27. Bxd8 Rxd8 28. Rd4 Rd5 29. Kf1 Rc5 30. Rd3 Ra5 31. Rg3 Kf7 32. Rd3 Ke7 33. Rg3 Kf6 34. Rf3+ Ke7 35. Rg3 Kf6 36. Rf3+ Ke7 37. Rg3 Rxa2 38. Rxg7+ Kd6 39. Rh7 Rxc2 40. Rxh5 a5 41. g4 a4 42. g5 a3 43. Rh4 a2 44. Rd4+ Ke7 45. Rd1 Rb2 0-1

[Event "Muensterland Verbandsklasse-B 0203"]
[Site "Muensterland"]
[Date "2002.11.09"]
[Round "2.8"]
[White "Assing, Manfred"]
[Black "Kerkhoff, Werner"]
[Result "0-1"]
[WhiteElo "1649"]
[BlackElo "1668"]
[PlyCount "82"]
[EventDate "2002.09.28"]
[EventType "team-tourn"]
[EventRounds "9"]
[EventCountry "GER"]
[SourceTitle "EXT 2004"]
[Source "ChessBase"]
[SourceDate "2003.11.25"]
[SourceVersion "1"]
[SourceVersionDate "2003.11.25"]
[SourceQuality "1"]
[WhiteTeam "Luedinghausen"]
[BlackTeam "Westbevern II"]
[WhiteTeamCountry "GER"]
[BlackTeamCountry "GER"]

1. e4 c5 2. Nf3 d6 3. d4 cxd4 4. Nxd4 Nf6 5. Nc3 a6 6. Be2 e5 7. Nb3 Be6 8. 0-0 Be7 9. Be3 d5 10. exd5 Nxd5 11. Nxd5 Bxd5 12. Nd2 Nc6 13. Bd3 0-0 14. Qg4 Be6 15. Qe2 Nb4 16. Nc4 Nxd3 17. cxd3 f6 18. f4 Bxc4 19. dxc4 Qc7 20. b3 Bc5 21. f5 Rad8 22. Rf3 Bxe3+ 23. Rxe3 Qd7 24. Rf1 Qd2 25. Rb1 Rd4 26. Rb2 Qxe2 27. Rexe2 Rfd8 28. g3 Kf7 29. Kf2 Ke7 30. Ke3 Kd7 31. Red2 Kc6 32. Rxd4 Rxd4 33. Rg2 h5 34. h3 b5 35. cxb5+ axb5 36. g4 hxg4 37. Rxg4 Rxg4 38. hxg4 b4 39. Ke4 Kc5 40. g5 Kd6 41. gxf6 gxf6 0-1